Economic and societal changes in China and their effects on water use /
Uloženo v:
| Hlavní autoři: | , |
|---|---|
| Médium: | Kniha |
| Jazyk: | angličtina |
| Vydáno: |
Laxenburg :
International Institute for Applied Systems Analysis,
2007
|
| Vydání: | [1st ed.] |
| Edice: | IIASA reprint. RP-07-008
|
| Témata: | |
| On-line přístup: |
|
| Tagy: |
Přidat tag
Žádné tagy, Buďte první, kdo vytvoří štítek k tomuto záznamu!
|
MARC
| LEADER | 00000nam a2200000 4500 | ||
|---|---|---|---|
| 003 | SK-BrCVT | ||
| 005 | 20220621164121.0 | ||
| 008 | 080220s2007 au e ||||||eng d | ||
| 035 | |a CVTIDW1434621 | ||
| 040 | |b slo |a CVTI SR |e AACR2 | ||
| 041 | 0 | |a eng | |
| 044 | |a au | ||
| 080 | |a 628.1:33 |2 UDC-MRF | ||
| 080 | |a 556 |2 UDC-MRF | ||
| 080 | |a 626/627 |2 UDC-MRF | ||
| 100 | 1 | |a Hubacek, Klaus |4 aut | |
| 242 | 1 | 0 | |a Ekonomické a spoločenské zmeny v Číne a ich vplyv na využívanie vody |y slo |
| 245 | 1 | 0 | |a Economic and societal changes in China and their effects on water use / |c Klaus Hubacek, Laixiang Sun |
| 250 | |a [1st ed.] | ||
| 260 | |a Laxenburg : |b International Institute for Applied Systems Analysis, |c 2007 | ||
| 300 | |a S. 187 - 200 : |b lit., mapy, tab. ; | ||
| 490 | 1 | |a IIASA reprint. RP-07-008 | |
| 500 | |a Reprinted from Journal of industrial ecology, ... | ||
| 653 | 1 | |a vodné hospodárstvo |a vodný zdroj |a spotreba vody | |
| 700 | 1 | |a Sun, Laixiang |d 1957-, |4 aut | |
| 760 | 1 | |t IIASA reprint | |
| 910 | |a BA002 |b A604098 | ||
| 974 | |f Knihy | ||
| 992 | |a AIM | ||
| 999 | |c 161354 |d 161354 | ||